Indias delstater og territorier - Statistics

General Stats
  • This quiz has been taken 3 times
  • The average score is 17 of 36
Answers on the Map
Answers color-coded by a green-red scale on the quiz's map according to % correct below.
 
Answer Stats
State % Correct
Delhi
100%
Goa
100%
Jammu og Kashmir
100%
Tamil Nadu
100%
Uttar Pradesh
100%
Vest-Bengal
100%
Andamanøyene og Nikobarene
67%
Bihar
67%
Gujarat
67%
Maharashtra
67%
Punjab
67%
Rajasthan
67%
Sikkim
67%
Andhra Pradesh
33%
Arunachal Pradesh
33%
Assam
33%
Chandigarh
33%
Chhattisgarh
33%
Dadra og Nagar Haveli og Daman og Diu
33%
Haryana
33%
Himachal Pradesh
33%
Jharkhand
33%
Kerala
33%
Ladakh
33%
Lakkadivene
33%
Madhya Pradesh
33%
Meghalaya
33%
Nagaland
33%
Odisha
33%
Puducherry
33%
Telangana
33%
Tripura
33%
Uttarakhand
33%
Karnataka
0%
Manipur
0%
Mizoram
0%
No matching quizzes found
Score Distribution
Percent of People with Each Score
Percentile by Number Answered
Your Score History
You have not taken this quiz